000
00343nam a22001577a 4500
020
_a
978-81-8360-150-4
041
_a
ENG
100
_a
Mane .M.S
245
_a
Principles of Sprinkler Irrigation
250
_a
3 rd
260
_a
NEw Delhi
_b
Jain Brothers
_c
2019
300
_a
176
650
_a
IDE
700
_a
Ayare .B.L
856
_u
IDE
999
_c
119
_d
119